01493nam a2200277 a 4500001001000000003000900010005001700019008004100036040002500077082002400102110007200126245015600198246006600354260012300420300003900543590002700582650005600609650006100665650004500726910003800771942001400809952013300823952011800956952012401074999001701198000039675DO-SdBNP20250703135721.0130715s2008 dr ad 001 0 spa d aDO-SdBNPbspacBNPHU 4a379.7293bR426c2222 aRepública Dominicana.bSecretaría de Estado de Educación960710aCamino a una nueva reforma del sector educación en la República Dominicana :bproyecto de Asistencia Técnica Institucional (ATI) Unión Europea.14aCamino a la segunda reforma del sector educación en la R.D. aSanto Domingo :bSecretaría de Estado de Educación :bProyecto de Asistencia Técnica Institucional (ATI),c2008. a368 p. :bil., gráfcs. ;c27 cm. aInventariado, 2018/ YL 4aEducación y estadozRepública Dominicana910500 4aPlanificación educativazRepública Dominicana917113 4aEducaciónzRepública Dominicana9737 aValidado. Control de calidad EMS. 2ddccLBS1 001054708DSaGRbGRcHDd2018-07-20iLF1l0o379.7293 R426cp39675-30r2020-06-25te. 3w2020-06-25yLFDSZPréstamo en sala 0010718PDaPDbPDcHDd2013-07-15iLF1l0o379.7293 R426cp39675-10r2020-06-25w2020-06-25yLFPDZNo se presta 0010718PDaPDbPDcHDd2013-07-15iLF1l0o379.7293 R426cp39675-20r2020-06-25te. 2w2020-06-25yLFPDZNo se presta c39165d39165